Normal view
MARC view
Entry Personal Name
001 - CONTROL NUMBER
- control field: 111327
003 - CONTROL NUMBER IDENTIFIER
- control field: OSt
005 - DATE AND TIME OF LATEST TRANSACTION
- control field: 20220918204252.0
008 - FIXED-LENGTH DATA ELEMENTS
- fixed length control field: 220918|| aca||aabn | a|a d
040 ## - CATALOGING SOURCE
- Original cataloging agency: OSt
- Transcribing agency: OSt
100 ## - HEADING--PERSONAL NAME
- Personal name: Ridolfi Roberto
670 ## - SOURCE DATA FOUND
- Source citation: Work cat.: (OSt)235162: Ridolfi Roberto, Life of Francesco Guicciardini tr from the Italian by Cecil Grayson, 1967
